[Event "Regionalliga Mittelrhein 1011"]
[Site "Germany"]
[Date "2010.11.14"]
[Round "2.5"]
[White "Peltzer, Raphael"]
[Black "Wilke, Christopher"]
[Result "1-0"]
[WhiteElo "1965"]
[BlackElo "1963"]
[PlyCount "83"]
[EventDate "2010.10.24"]
[EventType "team"]
[EventRounds "9"]
[EventCountry "GER"]
[SourceTitle "EXT 2015"]
[Source "ChessBase"]
[SourceDate "2014.11.20"]
[SourceVersion "1"]
[SourceVersionDate "2014.11.20"]
[SourceQuality "1"]
[WhiteTeam "Bruehl"]
[BlackTeam "Niederkassel"]
[WhiteTeamCountry "GER"]
[BlackTeamCountry "GER"]

1. e4 c6 2. c4 d5 3. exd5 cxd5 4. cxd5 Qxd5 5. Nc3 Qa5 6. Nf3 Nf6 7. Qb3 e6 8. d4 Qb4 9. Qc2 Nc6 10. Bb5 Bd7 11. 0-0 Be7 12. a3 Nxd4 13. Bxd7+ Nxd7 14. Nxd4 Qxd4 15. Nb5 Qc5 16. Nc7+ Kd8 17. Qxc5 Nxc5 18. Nxa8 Nb3 19. Rb1 Bd6 20. Rd1 Ke7 21. Be3 Rxa8 22. Rd3 Na5 23. Rbd1 Nc4 24. Bd4 Be5 25. Bxe5 Nxe5 26. Rc3 Nc6 27. Kf1 Rd8 28. Rxd8 Kxd8 29. Ke2 Ke7 30. Rd3 a5 31. Kd2 b5 32. Kc3 Ne5 33. Rd1 Ng4 34. Kd4 Nxf2 35. Rf1 Ng4 36. h3 Nf6 37. Kc5 b4 38. a4 Ne4+ 39. Kb5 b3 40. Kxa5 f5 41. Kb6 Nd2 42. Rc1 1-0

[Event "NRW-ch U18"]
[Site "Kranenburg"]
[Date "2009.04.18"]
[Round "7"]
[White "Peltzer, Raphael"]
[Black "Nolte, Christoph"]
[Result "0-1"]
[WhiteElo "1881"]
[BlackElo "2105"]
[PlyCount "92"]
[EventDate "2009.04.13"]
[EventType "swiss"]
[EventRounds "7"]
[EventCountry "GER"]
[SourceTitle "EXT 2010"]
[Source "ChessBase"]
[SourceDate "2010.11.25"]
[SourceVersion "1"]
[SourceVersionDate "2010.11.25"]
[SourceQuality "1"]

1. e4 e6 2. d3 d5 3. Nd2 c5 4. g3 Nc6 5. Bg2 Be7 6. Ngf3 dxe4 7. dxe4 e5 8. 0-0 Be6 9. Qe2 h6 10. Qb5 Qc7 11. Nc4 Bxc4 12. Qxc4 Nf6 13. Be3 b6 14. Nh4 0-0 15. Nf5 Rfe8 16. Rad1 Bf8 17. c3 Rad8 18. Qe2 Ne7 19. Nh4 Rxd1 20. Rxd1 Rd8 21. f4 Rxd1+ 22. Qxd1 Nc6 23. Nf5 g6 24. fxe5 Nxe5 25. Nxh6+ Kh7 26. Bg5 Qd7 27. Qf1 Bxh6 28. Bxh6 Kxh6 29. Qxf6 Qe8 30. g4 Kh7 31. g5 Kg8 32. h4 Nd7 33. Qd6 Nf8 34. e5 Qa4 35. h5 Qh4 36. hxg6 Nxg6 37. Qd8+ Kh7 38. Qf6 Qe1+ 39. Bf1 Nxe5 40. g6+ fxg6 41. Qe7+ Kh6 42. Qf8+ Kh5 43. Qh8+ Kg5 44. Qh3 Ng4 45. Qg2 Kf4 46. Kh1 Qe4 0-1

[Event "Duisburg Grossenbaum op"]
[Site "Duisburg"]
[Date "2006.06.11"]
[Round "7"]
[White "Naused, Hermann"]
[Black "Peltzer, Raphael"]
[Result "1-0"]
[WhiteElo "1929"]
[BlackElo "1681"]
[PlyCount "45"]
[EventDate "2006.06.02"]
[EventType "swiss"]
[EventRounds "7"]
[EventCountry "GER"]
[SourceTitle "EXT 2007"]
[Source "ChessBase"]
[SourceDate "2006.11.23"]
[SourceVersion "1"]
[SourceVersionDate "2006.11.23"]
[SourceQuality "1"]

1. d4 c6 2. e4 d5 3. Nc3 dxe4 4. f3 exf3 5. Nxf3 Nf6 6. Bd3 Bg4 7. Be3 Nbd7 8. 0-0 e6 9. Qe1 Qc7 10. Ng5 Bb4 11. Qh4 Bxc3 12. bxc3 Bh5 13. Bf4 Qa5 14. Qg3 0-0-0 15. c4 h6 16. Nf3 g5 17. Bd6 Bxf3 18. Qxf3 Qb6 19. c3 Rhe8 20. Rab1 Qa5 21. Rb3 g4 22. Qf2 h5 23. Ra3 1-0

[Event "Duisburg Grossenbaum op"]
[Site "Duisburg"]
[Date "2006.06.02"]
[Round "1"]
[White "Drzasga, Michael"]
[Black "Peltzer, Raphael"]
[Result "0-1"]
[WhiteElo "2062"]
[BlackElo "1681"]
[PlyCount "78"]
[EventDate "2006.06.02"]
[EventType "swiss"]
[EventRounds "7"]
[EventCountry "GER"]
[SourceTitle "EXT 2007"]
[Source "ChessBase"]
[SourceDate "2006.11.23"]
[SourceVersion "1"]
[SourceVersionDate "2006.11.23"]
[SourceQuality "1"]

1. d4 c6 2. c4 d5 3. Nf3 Nf6 4. e3 e6 5. Nc3 Nbd7 6. a3 Bd6 7. Be2 0-0 8. 0-0 dxc4 9. Bxc4 e5 10. d5 Nb6 11. Bb3 e4 12. Ng5 cxd5 13. f4 Bc5 14. Qc2 h6 15. Ne2 Qe7 16. Nh3 Bd7 17. Nd4 Rac8 18. Qf2 Ng4 19. Qd2 f5 20. Nf2 Nxf2 21. Rxf2 Rc7 22. a4 Rd8 23. a5 Nc4 24. Bxc4 dxc4 25. Qc3 Bxd4 26. Qxd4 Bb5 27. Qc3 Rd3 28. Qc2 c3 29. g3 Qc5 30. b4 Qxb4 31. g4 fxg4 32. f5 Qd6 33. f6 gxf6 34. Ba3 Qe5 35. Raf1 Rd2 36. Qb3+ Bc4 37. Qb4 Bxf1 38. Qf8+ Kh7 39. Rxf6 Qxh2+ 0-1

[Event "NRW-ch U14"]
[Site "Kranenburg"]
[Date "2005.04.02"]
[Round "7"]
[White "Peltzer, Raphael"]
[Black "Plassmann, Dominik"]
[Result "1-0"]
[WhiteElo "1343"]
[BlackElo "1752"]
[PlyCount "91"]
[EventDate "2005.03.28"]
[EventType "swiss"]
[EventRounds "7"]
[EventCountry "GER"]
[SourceTitle "CBM 105 Extra"]
[Source "ChessBase"]
[SourceDate "2005.05.01"]
[SourceVersion "1"]
[SourceVersionDate "2005.05.01"]
[SourceQuality "1"]

1. e4 c5 2. Nc3 Nc6 3. d3 d6 4. Be3 g6 5. g3 Bg7 6. Qd2 e6 7. Nf3 Nd4 8. Bg2 Bd7 9. 0-0 Ne7 10. Rac1 0-0 11. Bh6 f5 12. Bxg7 Kxg7 13. Nxd4 cxd4 14. Ne2 e5 15. Qb4 Bc6 16. f4 a5 17. Qb3 Qd7 18. c3 fxe4 19. cxd4 a4 20. Qc3 Nd5 21. Qd2 exf4 22. dxe4 Ne3 23. d5 Nxf1 24. Qd4+ Kg8 25. dxc6 bxc6 26. Bxf1 f3 27. Nf4 g5 28. Bc4+ Rf7 29. Bxf7+ Kxf7 30. Nh5 Kg6 31. Nf6 Qh3 32. Rc2 Qe6 33. Rxc6 Rd8 34. Nd5 Rf8 35. Nf4+ gxf4 36. Rxd6 Qxd6 37. Qxd6+ Rf6 38. Qe5 fxg3 39. Qxg3+ Kf7 40. Kf2 Ke6 41. Qg8+ Ke5 42. Qxh7 Kf4 43. Qa7 Kxe4 44. Qxa4+ Ke5 45. Qb5+ Ke4 46. b4 1-0

[Event "NRW-ch U14"]
[Site "Kranenburg"]
[Date "2005.03.29"]
[Round "3"]
[White "Scharnowski, Tobias"]
[Black "Peltzer, Raphael"]
[Result "1/2-1/2"]
[WhiteElo "2112"]
[BlackElo "1343"]
[PlyCount "54"]
[EventDate "2005.03.28"]
[EventType "swiss"]
[EventRounds "7"]
[EventCountry "GER"]
[SourceTitle "CBM 105 Extra"]
[Source "ChessBase"]
[SourceDate "2005.05.01"]
[SourceVersion "1"]
[SourceVersionDate "2005.05.01"]
[SourceQuality "1"]

1. e4 c6 2. d4 d5 3. Nc3 dxe4 4. Nxe4 Nd7 5. Ng5 Ngf6 6. Bd3 e6 7. N1f3 h6 8. Nxe6 fxe6 9. Bg6+ Ke7 10. 0-0 Nb6 11. b3 Qc7 12. Ne5 Bd7 13. Nf7 Rg8 14. Qf3 Be8 15. Bf4 Qc8 16. Nd6 Qd7 17. Nxe8 Nxe8 18. Rfe1 Kd8 19. c4 Nf6 20. Re3 Bb4 21. a3 Bd2 22. Re2 Bxf4 23. Qxf4 Nc8 24. Rae1 Ne7 25. Bf7 Rf8 26. Bxe6 Qc7 27. Qd2 Ng6 1/2-1/2

[Event "NRW-ch U12"]
[Site "Wolfsburg"]
[Date "2004.04.17"]
[Round "7"]
[White "Koke, Christoph"]
[Black "Peltzer, Raphael"]
[Result "0-1"]
[WhiteElo "949"]
[BlackElo "1348"]
[PlyCount "118"]
[EventDate "2004.04.??"]
[EventType "swiss"]
[EventRounds "7"]
[EventCountry "GER"]
[SourceTitle "EXT 2005"]
[Source "ChessBase"]
[SourceDate "2004.11.15"]
[SourceVersion "1"]
[SourceVersionDate "2004.11.15"]
[SourceQuality "1"]

1. e4 e5 2. Nf3 Nc6 3. Bc4 Bc5 4. d3 d6 5. h3 Be6 6. Bb3 Nf6 7. Bg5 h6 8. Bh4 g5 9. Bg3 Qd7 10. Nbd2 Nh5 11. Qe2 Nf4 12. Bxf4 exf4 13. 0-0-0 0-0-0 14. Rde1 f6 15. Bxe6 Qxe6 16. Nb3 Bb4 17. Rd1 Ba5 18. Kb1 Bb6 19. Nfd2 d5 20. Qf3 Nd4 21. Nxd4 Bxd4 22. exd5 Qxd5 23. Qxd5 Rxd5 24. f3 b5 25. Rhe1 f5 26. a3 Be3 27. Re2 Re8 28. Rde1 Kb7 29. Ka2 Kb6 30. a4 a6 31. axb5 axb5 32. Nf1 Rde5 33. c3 c5 34. Kb3 Kc6 35. Kc2 Kd5 36. b3 h5 37. c4+ Kc6 38. Kd1 b4 39. Kc2 Ra8 40. Kb1 Rae8 41. Kc2 R5e7 42. Ra1 Kb6 43. Kd1 Re6 44. Raa2 Kb7 45. Nxe3 Rxe3 46. Rad2 Ra8 47. Ke1 Ra1+ 48. Kf2 Rb1 49. Rxe3 fxe3+ 50. Kxe3 Rxb3 51. g4 hxg4 52. hxg4 Rb1 53. gxf5 Re1+ 54. Re2 Rxe2+ 55. Kxe2 Kc7 56. Kd2 Kd6 57. Kc2 Ke5 58. Kd2 Kxf5 59. Ke3 Ke5 0-1

[Event "NRW-ch U12"]
[Site "Wolfsburg"]
[Date "2004.04.12"]
[Round "1"]
[White "Tkachuk, Konstantyn"]
[Black "Peltzer, Raphael"]
[Result "1-0"]
[WhiteElo "1775"]
[BlackElo "1348"]
[PlyCount "50"]
[EventDate "2004.04.??"]
[EventType "swiss"]
[EventRounds "7"]
[EventCountry "GER"]
[SourceTitle "EXT 2005"]
[Source "ChessBase"]
[SourceDate "2004.11.15"]
[SourceVersion "1"]
[SourceVersionDate "2004.11.15"]
[SourceQuality "1"]

1. e4 e5 2. Nf3 Nc6 3. Bc4 Bc5 4. b4 Bxb4 5. c3 Bc5 6. d4 exd4 7. 0-0 d5 8. exd5 Na5 9. Qa4+ c6 10. dxc6 Nxc6 11. Re1+ Nge7 12. Ng5 0-0 13. Qb3 Qe8 14. Bb2 Na5 15. Qc2 Bf5 16. Bd3 Qd7 17. Nxh7 Kxh7 18. Rxe7 Qxe7 19. Bxf5+ Kg8 20. Nd2 g6 21. Be4 Rad8 22. Nf3 Qf6 23. cxd4 Bb6 24. d5 Qe7 25. Bxg6 f5 1-0